| 000 | 00316 a2200133 4500 | ||
|---|---|---|---|
| 999 |
_c325578 _d325578 |
||
| 001 | 90505 | ||
| 003 | NUST | ||
| 082 | _a928.91439 HAB | ||
| 100 |
_ahabib Jalib _99873 |
||
| 245 |
_aJalib Beeti _hUrdu |
||
| 260 |
_aLahore _bTahirsons Publications _c2013 |
||
| 300 | _a360p. | ||
| 500 | _aGeneral Books | ||
| 942 |
_aCAE NUST _cBK _k928.91439 HAB _2ddc |
||